World Capitals Closest to Ρόδος - One Minute Sprint - Statistics

General Stats
  • This quiz has been taken 46 times
  • The average score is 14 of 24
Answer Stats
km capital miles % Correct
434 Αθήνα Athens 269
100%
563 Ankara 350
90%
852 Skopje 529
83%
908 Tirana 564
80%
765 Cairo 475
78%
486 Nicosia 302
75%
814 Sofia 506
75%
828 Jerusalem 514
70%
1137 Belgrade 706
68%
1484 Rome 922
68%
720 Beirut 448
63%
1461 Zagreb 908
63%
1019 Podgorica 633
60%
920 Pristina 571
60%
805 Damascus 500
55%
1430 Tripoli 888
55%
907 Bucharest 564
53%
1173 Sarajevo 729
50%
865 Amman 537
48%
1232 Valletta 765
40%
1515 Baghdad 941
33%
1488 Vatican City 924
20%
1479 Yerevan 919
20%
1180 Chișinău 733
5%
No matching quizzes found
Score Distribution
Percent of People with Each Score
Percentile by Number Answered
Your Score History
You have not taken this quiz